• 首页
  • 本馆介绍
  • 公告通知
  • 最新文献
  • 馆藏检索
  • 电子资源
  • 读者导购
  • 参考咨询
  • 我的图书馆
  • 登录
  • 详细信息显示
  • 放入我的书架
  • 预约/预借图书
  • 作者相关作品
  • 分类相关作品
  • 丛书相关作品
  • 出版社相关作品

书目信息

  • 表格格式
  • 工作单格式
  • 卡片格式
题名:
民主·民生·法治
    
 
作者: 王奕蓉 主编
分册:  
出版信息: 上海   上海社会科学院出版社  2007
页数: 616页
开本: 21cm
丛书名: 政治文明书系
单 册:
中图分类: D675.1-53
科图分类:
主题词: 社会主义政治学--上海市--2006--文集 , 社会主义政治学
电子资源:
ISBN: 978-7-80745-054-2
000 01000oam2 2200265 450
001 1258982562
005 20121004162337.32
010    @a978-7-80745-054-2@dCNY38.00
100    @a20070910d2007 em y0chiy50 ea
101 0  @achi
102    @aCN@b310000
105    @ay z 000yy
200 1  @a民主·民生·法治@Amin zhu · min sheng · fa zhi@e2006年上海市民主政治建设研究成果集@f王奕蓉主编
210    @a上海@c上海社会科学院出版社@d2007
215    @a616页@d21cm
225 2  @a政治文明书系
330    @a本书分论文篇、论文节选篇、观点摘要篇和合作课题篇四大部分。内容涉及党的建设、民主政治建设、公共政府建设和法治建设等多个方面。
461  0 @12001 @a政治文明书系
517 1  @a2006年上海市民主政治建设研究成果集@A2006 nian shang hai shi min zhu zheng zhi jian she yan jiu cheng guo ji
606 0  @a社会主义政治学@y上海市@z2006@j文集
606 0  @a社会主义政治学
690    @aD675.1-53@v4
701  0 @a王奕蓉@Awang yi rong@4主编
801  0 @aCN@bNLC@c20101222
905    @a10447@dD675.1-53@eJY75
    
    民主·民生·法治:2006年上海市民主政治建设研究成果集/王奕蓉主编.-上海:上海社会科学院出版社,2007
    616页;21cm.-(政治文明书系)
    
    
    ISBN 978-7-80745-054-2:CNY38.00
    本书分论文篇、论文节选篇、观点摘要篇和合作课题篇四大部分。内容涉及党的建设、民主政治建设、公共政府建设和法治建设等多个方面。
●
相关链接 在E读中查询图书 在五车中查询图书 在当当中查询图书 在豆瓣中查询图书


正题名:民主·民生·法治     索取号:D675.1-53/JY75         预约/预借

序号 登录号 条形码 馆藏地/架位号 状态 备注
1 7812354   278123549   学院路分馆/ [索取号:D675.1-53/JY75] 在馆    
2 7812355   278123558   学院路分馆/ [索取号:D675.1-53/JY75] 在馆    
唐山师范学院图书馆 欢迎您!
大连网信软件有限公司© 版权所有